<?xml version="1.0" encoding="UTF-8"?>
<record
    xmlns:xsi="http://www.w3.org/2001/XMLSchema-instance"
    xsi:schemaLocation="http://www.loc.gov/MARC21/slim http://www.loc.gov/standards/marcxml/schema/MARC21slim.xsd"
    xmlns="http://www.loc.gov/MARC21/slim">

  <leader>01572nam a22002657a 4500</leader>
  <controlfield tag="003">OSt</controlfield>
  <controlfield tag="005">20251202122329.0</controlfield>
  <controlfield tag="008">251202s2025    cr|ao|||||||| 00| 0 spa d</controlfield>
  <datafield tag="020" ind1=" " ind2=" ">
    <subfield code="a">9789968530736</subfield>
  </datafield>
  <datafield tag="040" ind1=" " ind2=" ">
    <subfield code="b">spa</subfield>
    <subfield code="c">LADOV</subfield>
  </datafield>
  <datafield tag="041" ind1=" " ind2=" ">
    <subfield code="a">spa</subfield>
  </datafield>
  <datafield tag="082" ind1="0" ind2="4">
    <subfield code="a">709.728.6</subfield>
    <subfield code="b">H557r</subfield>
  </datafield>
  <datafield tag="100" ind1="1" ind2=" ">
    <subfield code="a">Hern&#xE1;ndez Villalobos, Efra&#xED;n</subfield>
    <subfield code="d">1948-,</subfield>
    <subfield code="e">autor</subfield>
  </datafield>
  <datafield tag="245" ind1="1" ind2="0">
    <subfield code="a">Reflexiones sobre arte costarricense / </subfield>
    <subfield code="c">Efra&#xED;n Hernandez Villalobos.</subfield>
  </datafield>
  <datafield tag="250" ind1=" " ind2=" ">
    <subfield code="a">[Primera edici&#xF3;n]</subfield>
  </datafield>
  <datafield tag="260" ind1=" " ind2=" ">
    <subfield code="a">Costa Rica : </subfield>
    <subfield code="b">Fundaci&#xF3;n Museos Banco Central de Costa Rica,</subfield>
    <subfield code="c">[2025].</subfield>
  </datafield>
  <datafield tag="300" ind1=" " ind2=" ">
    <subfield code="a">213p : </subfield>
    <subfield code="b">fotograf&#xED;as e ilustraciones a color ; </subfield>
    <subfield code="c">24 cm</subfield>
  </datafield>
  <datafield tag="505" ind1="0" ind2="0">
    <subfield code="t">Presentaci&#xF3;n </subfield>
    <subfield code="t"> -- Introducci&#xF3;n</subfield>
    <subfield code="t">-- 1. Orientaci&#xF3;n expresionista, pintura joven costarricense y tradici&#xF3;n nacional.</subfield>
    <subfield code="t">-- 2. Pasaje hacia el modernismo: pinturas y esculturas costarricenses del periodo 1864-1959.</subfield>
    <subfield code="t">-- 3.Curadur&#xED;a e investigaci&#xF3;n en Artes Visuales: itinerario de los proyectos "Fabio Herrera: Gesto, signo, materia", "Im&#xE1;genes de Mujeres" e "Im&#xE1;genes de Hombres". </subfield>
    <subfield code="t">-- 4. Pioneros de los estudios comprensivos del arte costarricense I: Ricardo Ulloa Barrenechea y Luis Ferrero Acosta. </subfield>
    <subfield code="t">-- 5. Pioneros de los estudios comprensivos del arte II: Carlos Francisco Echeverr&#xED;a.</subfield>
    <subfield code="t">-- Ep&#xED;logo: Conversaci&#xF3;n con Efra&#xED;n Hern&#xE1;ndez.</subfield>
    <subfield code="t">-- Cat&#xE1;logo de im&#xE1;genes.</subfield>
  </datafield>
  <datafield tag="650" ind1="0" ind2="4">
    <subfield code="a">Arte costarricense</subfield>
  </datafield>
  <datafield tag="650" ind1="0" ind2="4">
    <subfield code="a">Historia</subfield>
    <subfield code="z">Costa Rica</subfield>
  </datafield>
  <datafield tag="650" ind1="0" ind2="4">
    <subfield code="a">Pintura</subfield>
    <subfield code="z">Costa Rica</subfield>
  </datafield>
  <datafield tag="650" ind1="0" ind2="4">
    <subfield code="a">Escultura</subfield>
    <subfield code="z">Costa Rica</subfield>
  </datafield>
  <datafield tag="700" ind1="1" ind2=" ">
    <subfield code="a">Monge Picado, Mar&#xED;a Jos&#xE9;</subfield>
    <subfield code="e">editora</subfield>
    <subfield code="9">1164</subfield>
  </datafield>
  <datafield tag="942" ind1=" " ind2=" ">
    <subfield code="2">ddc</subfield>
    <subfield code="c">1</subfield>
    <subfield code="h">709.728.6</subfield>
    <subfield code="i">H557r</subfield>
    <subfield code="n">0</subfield>
  </datafield>
  <datafield tag="999" ind1=" " ind2=" ">
    <subfield code="c">4572</subfield>
    <subfield code="d">4572</subfield>
  </datafield>
  <datafield tag="952" ind1=" " ind2=" ">
    <subfield code="0">0</subfield>
    <subfield code="1">0</subfield>
    <subfield code="2">ddc</subfield>
    <subfield code="4">0</subfield>
    <subfield code="7">0</subfield>
    <subfield code="8">Libros</subfield>
    <subfield code="a">LV</subfield>
    <subfield code="b">LV</subfield>
    <subfield code="d">2025-12-02</subfield>
    <subfield code="l">0</subfield>
    <subfield code="o">709.728.6 H557r</subfield>
    <subfield code="p">002747</subfield>
    <subfield code="r">2025-12-02 00:00:00</subfield>
    <subfield code="w">2025-12-02</subfield>
    <subfield code="y">1</subfield>
  </datafield>
</record>
